Harvard Journal of Law & Technology

Bibliographic Details
Format: eBook
Language:English
Published: Cambridge: Harvard Law School, Harvard Journal of Law & Technology, 2017 -
Subjects:
Online Access:Acceso restringido

MARC

LEADER 00000nam a22000007a 4500
005 20191024233317.0
007 cr|||| ||||
008 191024c20179999us zn|w s|||| 0|||b1eng d
022 |a 0897-3393 
035 |a 22979 
040 |a vLex 
090 |c 9965  |d 9965 
245 0 0 |a Harvard Journal of Law & Technology  |h [Recurso electrn̤ico] / 
256 |a Servicio en ln̕ea 
260 |a Cambridge:  |b Harvard Law School, Harvard Journal of Law & Technology,  |c 2017 - 
300 |a 1 recurso electrn̤ico 
310 |a Irregular 
506 1 |a Disponible solo en los productos indicados  |d vLex Global  |d vLex Global (Academic Edition, excluding Law Schools)  |d vLex Global (Academic Edition, Law Schools) 
650 0 4 |a Derecho de las Nuevas Tecnologa̕s  |z Estados Unidos 
740 0 |a vLex Revistas (Servicio en ln̕ea) 
856 4 0 |u http://vlex.com/source/harvard-journal-of-law-and-technology-22979  |z Acceso restringido 
942 |c REV 
999 0 |a New Technologies Law